[Event "Pozarevac Rudar IM 04"]
[Site "Pozarevac"]
[Date "2024.04.17"]
[Round "9"]
[White "Hesham, Abdelrahman"]
[Black "Garv, Rai"]
[Result "1-0"]
[WhiteElo "2366"]
[BlackElo "2241"]
[PlyCount "69"]
[EventDate "2024.04.10"]
[EventType "tourn"]
[EventRounds "9"]
[EventCountry "SRB"]
[EventCategory "1"]
[SourceTitle "CB17_2024"]
[SourceDate "2024.04.24"]
[SourceVersion "1"]
[SourceVersionDate "2024.04.24"]
[SourceQuality "1"]

1. d4 Nf6 2. c4 e6 3. Nc3 Bb4 4. e3 0-0 5. Bd2 d5 6. Nf3 b6 7. cxd5 exd5 8. Bd3 Re8 9. Ne5 Bd6 10. f4 c5 11. 0-0 a6 12. Be1 Ra7 13. Bh4 Be7 14. Qf3 cxd4 15. exd4 Ne4 16. Nxe4 dxe4 17. Qxe4 g6 18. Bf2 Bb7 19. Qe2 f6 20. Nxg6 hxg6 21. Bxg6 Kg7 22. Bxe8 Qxe8 23. f5 Bd5 24. Qg4+ Kh8 25. Qh3+ Kg8 26. Rfe1 Qf7 27. Qg3+ Qg7 28. Qxb8+ Bf8 29. Qg3 Qxg3 30. Bxg3 b5 31. Rac1 Bxa2 32. Rc7 Ra8 33. Re4 Bb3 34. Rg4+ Kh8 35. Bh4 1-0

[Event "Pozarevac Rudar IM 04"]
[Site "Pozarevac"]
[Date "2024.04.12"]
[Round "3"]
[White "Zlatkov, Anton"]
[Black "Hesham, Abdelrahman"]
[Result "1/2-1/2"]
[WhiteElo "2205"]
[BlackElo "2366"]
[PlyCount "102"]
[EventDate "2024.04.10"]
[EventType "tourn"]
[EventRounds "9"]
[EventCountry "SRB"]
[EventCategory "1"]
[SourceTitle "CB17_2024"]
[SourceDate "2024.04.24"]
[SourceVersion "1"]
[SourceVersionDate "2024.04.24"]
[SourceQuality "1"]

1. Nf3 Nf6 2. c4 g6 3. g3 Bg7 4. Bg2 0-0 5. 0-0 d6 6. d4 Nbd7 7. Nc3 e5 8. e4 Re8 9. h3 b6 10. Re1 exd4 11. Nxd4 Bb7 12. Rb1 a6 13. Bg5 h6 14. Bxf6 Nxf6 15. Qd2 Nd7 16. Nc2 h5 17. f4 b5 18. cxb5 axb5 19. a3 Nc5 20. Nd4 c6 21. Kh1 Na4 22. Nxa4 Rxa4 23. Nc2 c5 24. b3 Raxe4 25. Bxe4 Bxe4+ 26. Kh2 h4 27. Rbd1 hxg3+ 28. Kxg3 d5 29. Rxe4 Rxe4 30. Qxd5 Qe7 31. Kf3 Re6 32. Qd8+ Bf8 33. Qxe7 Rxe7 34. Rd8 f5 35. Rb8 Rh7 36. Rxb5 Rxh3+ 37. Ke2 Bd6 38. a4 Bxf4 39. a5 Rc3 40. Na3 Re3+ 41. Kf2 Re6 42. Nc4 Kg7 43. Rxc5 Bb8 44. Kf3 Kf6 45. b4 g5 46. b5 g4+ 47. Kf2 Kg5 48. b6 Kh4 49. Rxf5 Bg3+ 50. Kg2 Re2+ 51. Kf1 Re1+ 1/2-1/2

[Event "FIDE World Cup"]
[Site "Baku"]
[Date "2023.08.01"]
[Round "1.3"]
[White "Bartel, Mateusz"]
[Black "Hesham, Abdelrahman"]
[Result "1/2-1/2"]
[WhiteElo "2614"]
[BlackElo "2414"]
[PlyCount "51"]
[EventDate "2023.07.30"]
[EventType "k.o."]
[EventRounds "8"]
[EventCountry "AZE"]
[SourceTitle "EXT 2024"]
[Source "ChessBase"]
[SourceDate "2023.10.10"]
[SourceVersion "1"]
[SourceVersionDate "2023.10.10"]
[SourceQuality "1"]

1. e4 e5 2. Nf3 Nc6 3. Bc4 Bc5 4. c3 Nf6 5. d4 exd4 6. cxd4 Bb4+ 7. Nbd2 d5 8. exd5 Nxd5 9. 0-0 0-0 10. a3 Ba5 11. Ne4 Nce7 12. b4 Bb6 13. Bg5 f6 14. Bh4 Kh8 15. Re1 Nf5 16. Bg3 c6 17. Nc5 a5 18. Qb3 axb4 19. axb4 Rxa1 20. Rxa1 Re8 21. Bxd5 Qxd5 22. Qxd5 cxd5 23. h3 g5 24. Ra8 h5 25. Na4 Bxd4 26. Nxd4 1/2-1/2

[Event "FIDE World Cup"]
[Site "Baku"]
[Date "2023.07.31"]
[Round "1.2"]
[White "Hesham, Abdelrahman"]
[Black "Bartel, Mateusz"]
[Result "1/2-1/2"]
[WhiteElo "2414"]
[BlackElo "2614"]
[PlyCount "70"]
[EventDate "2023.07.30"]
[EventType "k.o."]
[EventRounds "8"]
[EventCountry "AZE"]
[SourceTitle "EXT 2024"]
[Source "ChessBase"]
[SourceDate "2023.10.10"]
[SourceVersion "1"]
[SourceVersionDate "2023.10.10"]
[SourceQuality "1"]

1. d4 Nf6 2. c4 e6 3. Nc3 Bb4 4. e3 0-0 5. Bd2 b6 6. Bd3 d5 7. cxd5 exd5 8. Nf3 Ba6 9. Bxa6 Nxa6 10. 0-0 Re8 11. Qa4 Qc8 12. Rfd1 Bf8 13. Ne2 c5 14. dxc5 bxc5 15. Ng3 Ne4 16. Ba5 Qe6 17. Nxe4 dxe4 18. Ng5 Qe5 19. Bc3 Qxg5 20. Qxa6 Re6 21. Qb7 Rae8 22. Rd5 Qh4 23. Rf5 R8e7 24. Qd5 Re8 25. Rd1 g6 26. Re5 Rxe5 27. Bxe5 Qg5 28. Bc3 Qxd5 29. Rxd5 f5 30. Rd7 Re7 31. Rd6 Kf7 32. Ra6 Rd7 33. Kf1 Bd6 34. Rc6 Ke6 35. Rc8 Kd5 1/2-1/2

[Event "FIDE World Cup"]
[Site "Baku"]
[Date "2023.07.30"]
[Round "1.1"]
[White "Bartel, Mateusz"]
[Black "Hesham, Abdelrahman"]
[Result "1/2-1/2"]
[WhiteElo "2614"]
[BlackElo "2414"]
[PlyCount "67"]
[EventDate "2023.07.30"]
[EventType "k.o."]
[EventRounds "8"]
[EventCountry "AZE"]
[SourceTitle "EXT 2024"]
[Source "ChessBase"]
[SourceDate "2023.10.10"]
[SourceVersion "1"]
[SourceVersionDate "2023.10.10"]
[SourceQuality "1"]

1. e4 e5 2. Nf3 Nc6 3. Bb5 Nf6 4. 0-0 Nxe4 5. Re1 Nd6 6. a4 Be7 7. Nc3 a6 8. Bf1 e4 9. Nxe4 Nxe4 10. Rxe4 d5 11. Re1 d4 12. Bd3 Be6 13. Be4 Bd5 14. d3 Qd7 15. Bf4 Bxe4 16. Rxe4 f5 17. Ne5 Nxe5 18. Rxe5 0-0-0 19. Qf3 g5 20. Bd2 Rhf8 21. Qh5 Bd6 22. Re2 h6 23. b4 Qf7 24. Qxf7 Rxf7 25. Re6 Rh8 26. c4 dxc3 27. Bxc3 Rd8 28. b5 h5 29. Rae1 Kd7 30. Rh6 axb5 31. axb5 Ra8 32. Rxh5 Ra3 33. Bh8 g4 34. h3 1/2-1/2

[Event "Dubai op-A 23rd"]
[Site "Dubai"]
[Date "2023.06.02"]
[Round "7"]
[White "Movahed, Sina"]
[Black "Hesham, Abdelrahman"]
[Result "1-0"]
[WhiteElo "2359"]
[BlackElo "2409"]
[PlyCount "89"]
[EventDate "2023.05.27"]
[EventType "swiss"]
[EventRounds "9"]
[EventCountry "UAE"]
[SourceTitle "CBM 214 Extra"]
[Source "ChessBase"]
[SourceDate "2023.07.31"]
[SourceVersion "1"]
[SourceVersionDate "2023.07.31"]
[SourceQuality "1"]

1. e4 c6 2. d4 d5 3. e5 Bf5 4. h4 h5 5. Bg5 f6 6. Bd3 Qd7 7. Bf4 c5 8. Nf3 Nc6 9. 0-0 c4 10. Be2 Nh6 11. Nc3 Ng4 12. b3 cxb3 13. axb3 e6 14. exf6 gxf6 15. Nb5 Bh6 16. Nd6+ Kf8 17. Bg3 Rg8 18. Bd3 Rg7 19. c4 Bxd3 20. Qxd3 Kg8 21. Rfe1 Ne7 22. Ra5 b6 23. Ra2 Ng6 24. Rae2 Nf4 25. Bxf4 Bxf4 26. Nb5 a6 27. Nc3 Rc8 28. Rxe6 Ne5 29. dxe5 Qxe6 30. exf6 Qxf6 31. Nxd5 Qf8 32. Re6 Bb8 33. Qe4 Rg4 34. Rg6+ Kh8 35. Rxg4 hxg4 36. Qxg4 Re8 37. g3 b5 38. Qh5+ Kg7 39. cxb5 axb5 40. Qg5+ Kh8 41. Qg6 Re2 42. Nf6 Re7 43. Ng5 Be5 44. Qh5+ Kg7 45. Nd5 1-0

[Event "Dubai op-A 23rd"]
[Site "Dubai"]
[Date "2023.05.30"]
[Round "4"]
[White "Hesham, Abdelrahman"]
[Black "Farahat, Ali"]
[Result "1-0"]
[WhiteElo "2409"]
[BlackElo "2361"]
[PlyCount "165"]
[EventDate "2023.05.27"]
[EventType "swiss"]
[EventRounds "9"]
[EventCountry "UAE"]
[SourceTitle "CBM 214 Extra"]
[Source "ChessBase"]
[SourceDate "2023.07.31"]
[SourceVersion "1"]
[SourceVersionDate "2023.07.31"]
[SourceQuality "1"]

1. d4 d5 2. c4 e6 3. Nc3 Nf6 4. cxd5 exd5 5. Bg5 Nbd7 6. e3 c6 7. Bd3 Be7 8. Qc2 h6 9. Bh4 0-0 10. Nf3 Re8 11. 0-0 Ne4 12. Bxe4 Bxh4 13. Bh7+ Kh8 14. Nxh4 Qxh4 15. Bd3 Qd8 16. b4 Nf6 17. b5 Bd7 18. bxc6 Bxc6 19. Rfe1 Rc8 20. Qb3 g6 21. f3 Kg7 22. Rad1 Re6 23. Qb2 Qa5 24. e4 Bd7 25. Ne2 Rb6 26. Qd2 Qxd2 27. Rxd2 dxe4 28. fxe4 Rb4 29. Bb1 Bb5 30. Ng3 Rd8 31. e5 Nd5 32. Ne4 Bc6 33. Nd6 Nc3 34. Bc2 Bd5 35. Bb3 Bxb3 36. axb3 Nb5 37. Nxb7 Rdxd4 38. Rf2 Rf4 39. Rxf4 Rxf4 40. Nc5 Nd4 41. h3 Rf5 42. Re4 Nc6 43. Nd3 h5 44. b4 a6 45. Nc5 Nxe5 46. Nxa6 Nd3 47. Rd4 Nf4 48. Rc4 h4 49. Rc2 Rb5 50. Rc4 Rf5 51. Nc7 g5 52. Rc2 Re5 53. b5 Re1+ 54. Kf2 Nd3+ 55. Kf3 Ne5+ 56. Kf2 Nd3+ 57. Kf3 f5 58. Rd2 Nf4 59. Rb2 Nd3 60. Rb3 Nc5 61. Rb2 Nd3 62. Rb3 Nc5 63. Rc3 Ne4 64. Rc6 Rb1 65. Ke3 Kf7 66. Kd4 Ke7 67. Ke5 Ng3 68. Nd5+ Kd7 69. Rd6+ Kc8 70. Rb6 g4 71. hxg4 fxg4 72. Kf4 Rb2 73. Kxg4 Rxg2 74. Rc6+ Kb8 75. Kxh4 Nf5+ 76. Kh3 Rg3+ 77. Kh2 Rd3 78. Nb4 Rd2+ 79. Kh3 Rb2 80. Na6+ Kb7 81. Nc5+ Kb8 82. b6 Rb5 83. Nd7+ 1-0

[Event "Dubai op-A 23rd"]
[Site "Dubai"]
[Date "2023.05.28"]
[Round "2"]
[White "Hesham, Abdelrahman"]
[Black "Al Hosani, Omran"]
[Result "1-0"]
[WhiteElo "2409"]
[BlackElo "2270"]
[PlyCount "87"]
[EventDate "2023.05.27"]
[EventType "swiss"]
[EventRounds "9"]
[EventCountry "UAE"]
[SourceTitle "CBM 214 Extra"]
[Source "ChessBase"]
[SourceDate "2023.07.31"]
[SourceVersion "1"]
[SourceVersionDate "2023.07.31"]
[SourceQuality "1"]

1. e4 e5 2. Nf3 Nc6 3. Bc4 Bc5 4. c3 Nf6 5. d4 exd4 6. e5 d5 7. Bb5 Ne4 8. cxd4 Bb6 9. Nc3 0-0 10. Be3 f6 11. exf6 Nxc3 12. f7+ Rxf7 13. bxc3 Bg4 14. Be2 Rf8 15. h3 Bf5 16. 0-0 Qd6 17. Qd2 Rae8 18. Bf4 Qf6 19. Bg3 h6 20. Rae1 Bh7 21. Bd1 Qf5 22. Ba4 Rxe1 23. Rxe1 Qd3 24. Qxd3 Bxd3 25. Bxc6 bxc6 26. Re7 Bb1 27. Bxc7 Bxa2 28. Bxb6 axb6 29. Rb7 b5 30. Rc7 Bc4 31. Ne5 Ra8 32. f4 Ra1+ 33. Kh2 Rf1 34. Rc8+ Kh7 35. Kg3 g5 36. Rc7+ Kg8 37. fxg5 hxg5 38. Kg4 Rg1 39. Kxg5 Rxg2+ 40. Kf6 Rg3 41. h4 Rxc3 42. h5 Rh3 43. Ng6 Rf3+ 44. Kg5 1-0

[Event "Sharjah Challengers 6th"]
[Site "Sharjah"]
[Date "2023.05.21"]
[Round "5"]
[White "Mammadova, Gulnar Marfat Qizi"]
[Black "Hesham, Abdelrahman"]
[Result "0-1"]
[WhiteElo "2349"]
[BlackElo "2409"]
[PlyCount "114"]
[EventDate "2023.05.17"]
[EventType "swiss"]
[EventRounds "9"]
[EventCountry "UAE"]
[SourceTitle "CBM 214 Extra"]
[Source "ChessBase"]
[SourceDate "2023.07.31"]
[SourceVersion "1"]
[SourceVersionDate "2023.07.31"]
[SourceQuality "1"]

1. c4 Nf6 2. Nf3 g6 3. Nc3 Bg7 4. e4 d6 5. d4 0-0 6. Be2 e5 7. 0-0 Nc6 8. d5 Ne7 9. b4 a5 10. bxa5 Rxa5 11. a4 Nh5 12. Re1 Nf4 13. Bxf4 exf4 14. Qd2 h6 15. Nb5 Ra8 16. Rac1 g5 17. Bd1 Ng6 18. c5 g4 19. Nfd4 Be5 20. Nf5 h5 21. cxd6 cxd6 22. Qb4 Bxf5 23. exf5 Nh4 24. g3 fxg3 25. hxg3 Nxf5 26. Bc2 Ng7 27. Rxe5 dxe5 28. Qe4 f5 29. Qxe5 Qg5 30. Rd1 Rae8 31. Qf4 Qxf4 32. gxf4 Rd8 33. Bb3 Rf6 34. Rc1 Ne8 35. Nd4 Nd6 36. Re1 Kf7 37. a5 Rc8 38. a6 bxa6 39. Nc6 Kf8 40. Ra1 Nb7 41. Bc4 Nd8 42. Ne5 Ke7 43. Re1 Kd6 44. Bxa6 Rc5 45. Bc4 Kc7 46. Ra1 Rb6 47. Ra7+ Nb7 48. Ra8 Rb4 49. Ba2 Ra5 50. d6+ Kxd6 51. Rxa5 Nxa5 52. Bg8 Rxf4 53. Ng6 Rb4 54. Kg2 Nc6 55. Nh4 Ke5 56. Bf7 Kf6 57. Be8 Ne5 0-1

[Event "Arab-ch"]
[Site "Khartoum"]
[Date "2023.03.05"]
[Round "9"]
[White "Hesham, Abdelrahman"]
[Black "Ahmad, Al Khatib"]
[Result "1/2-1/2"]
[WhiteElo "2412"]
[BlackElo "2303"]
[PlyCount "127"]
[EventDate "2023.02.26"]
[EventType "swiss"]
[EventRounds "9"]
[EventCountry "SUD"]
[SourceTitle "CBM 213 Extra"]
[Source "ChessBase"]
[SourceDate "2023.05.31"]
[SourceVersion "1"]
[SourceVersionDate "2023.05.31"]
[SourceQuality "1"]

1. d4 d5 2. c4 e6 3. Nc3 c5 4. cxd5 exd5 5. Nf3 Nc6 6. g3 Nf6 7. a3 cxd4 8. Nxd4 Bc5 9. Be3 Bb6 10. Na4 Bxd4 11. Bxd4 0-0 12. Bg2 h5 13. 0-0 h4 14. Nc3 h3 15. Bxf6 Qxf6 16. Bxd5 Be6 17. Bxe6 fxe6 18. Qd3 Rad8 19. Qe3 Qe5 20. Qxe5 Nxe5 21. Ne4 Nc4 22. Rfd1 Rxd1+ 23. Rxd1 Nxb2 24. Rd4 Rc8 25. f4 Nc4 26. Ng5 b5 27. Rd7 a5 28. Nxe6 Nxa3 29. Rxg7+ Kh8 30. f5 b4 31. f6 Nc4 32. Rg5 Nd6 33. Rxa5 b3 34. f7 Nxf7 35. Rb5 Rc1+ 36. Kf2 Rb1 37. Kf3 Nd6 38. Rb8+ Kh7 39. Kg4 Nc4 40. Rb7+ Kh8 41. Nf4 b2 42. Nd3 Rh1 43. Nxb2 Nxb2 44. Rxb2 Rxh2 45. Kf3 Rh1 46. Rb4 Kg7 47. Rh4 Kg6 48. e4 Kf6 49. Kg4 h2 50. Kf3 Rf1+ 51. Kg2 Re1 52. Kxh2 Re2+ 53. Kh3 Kg5 54. Rg4+ Kh5 55. Rf4 Kg5 56. Rh4 Kg6 57. Rg4+ Kh5 58. Rf4 Kg5 59. Rf5+ Kg6 60. Re5 Kf6 61. Rf5+ Kg6 62. Re5 Kf6 63. Re8 Kf7 64. Re5 1/2-1/2

[Event "Arab-ch"]
[Site "Khartoum"]
[Date "2023.03.02"]
[Round "6"]
[White "Gong, Thon Gong"]
[Black "Hesham, Abdelrahman"]
[Result "0-1"]
[WhiteElo "2192"]
[BlackElo "2412"]
[PlyCount "64"]
[EventDate "2023.02.26"]
[EventType "swiss"]
[EventRounds "9"]
[EventCountry "SUD"]
[SourceTitle "CBM 213 Extra"]
[Source "ChessBase"]
[SourceDate "2023.05.31"]
[SourceVersion "1"]
[SourceVersionDate "2023.05.31"]
[SourceQuality "1"]

1. d4 Nf6 2. c4 e6 3. Nf3 d5 4. Nc3 Bb4 5. Qc2 0-0 6. Bg5 h6 7. Bh4 c5 8. dxc5 d4 9. 0-0-0 Nc6 10. e3 Bxc3 11. bxc3 d3 12. Bxd3 Qa5 13. Bg3 Nd7 14. Bd6 Re8 15. Nd4 Nxc5 16. Bh7+ Kh8 17. Nb5 b6 18. Nc7 Ba6 19. Nxa8 Rxa8 20. Bxc5 bxc5 21. Be4 Rb8 22. Kd2 Ne5 23. Ke1 f5 24. Bd3 Qa3 25. Be2 Bxc4 26. Rd2 Bxe2 27. Kxe2 Qa6+ 28. c4 Rb4 29. Qd1 Qxc4+ 30. Ke1 Qb5 31. Qe2 Rb1+ 32. Rd1 Nd3+ 0-1

[Event "Arab-ch"]
[Site "Khartoum"]
[Date "2023.02.28"]
[Round "4"]
[White "Ahmed, Abdul Sattar"]
[Black "Hesham, Abdelrahman"]
[Result "1-0"]
[WhiteElo "2196"]
[BlackElo "2412"]
[PlyCount "117"]
[EventDate "2023.02.26"]
[EventType "swiss"]
[EventRounds "9"]
[EventCountry "SUD"]
[SourceTitle "CBM 213 Extra"]
[Source "ChessBase"]
[SourceDate "2023.05.31"]
[SourceVersion "1"]
[SourceVersionDate "2023.05.31"]
[SourceQuality "1"]

1. e4 c5 2. Nf3 d6 3. d4 cxd4 4. Nxd4 Nf6 5. Nc3 a6 6. Bc4 e6 7. Bb3 Nbd7 8. Bg5 Nc5 9. f4 Be7 10. Qf3 Qc7 11. 0-0 b5 12. f5 Rb8 13. fxe6 fxe6 14. Qh3 b4 15. Na4 Nxb3 16. cxb3 0-0 17. Rac1 Qd7 18. Nc6 Rb5 19. Be3 Bb7 20. Nb6 Rxb6 21. Nxe7+ Qxe7 22. Bxb6 Bxe4 23. Rc7 Qe8 24. Qg3 Qg6 25. Qxg6 hxg6 26. Be3 e5 27. Bg5 Bd3 28. Bxf6 gxf6 29. Rf3 Be4 30. Rh3 g5 31. Rc4 d5 32. Rxb4 d4 33. Kf2 Rd8 34. Ke1 Bxg2 35. Rg3 Bd5 36. h4 Kg7 37. hxg5 f5 38. Rb6 Rh8 39. Rd6 f4 40. Rg1 Bf3 41. g6 Rc8 42. Kd2 Be4 43. Re1 Rc2+ 44. Kd1 f3 45. Rh1 Bxg6 46. Rxg6+ Kxg6 47. Kxc2 e4 48. Kd2 Kg5 49. b4 e3+ 50. Kd3 e2 51. a4 Kf4 52. b5 axb5 53. a5 Kg3 54. a6 Kg2 55. Re1 Kf2 56. Kd2 d3 57. a7 Kg3 58. a8Q f2 59. Qg8+ 1-0

[Event "Arab-ch"]
[Site "Khartoum"]
[Date "2023.02.26"]
[Round "1"]
[White "Hesham, Abdelrahman"]
[Black "Khader, Aram"]
[Result "1/2-1/2"]
[WhiteElo "2412"]
[BlackElo "2142"]
[PlyCount "84"]
[EventDate "2023.02.26"]
[EventType "swiss"]
[EventRounds "9"]
[EventCountry "SUD"]
[SourceTitle "CBM 213 Extra"]
[Source "ChessBase"]
[SourceDate "2023.05.31"]
[SourceVersion "1"]
[SourceVersionDate "2023.05.31"]
[SourceQuality "1"]

1. d4 d5 2. c4 dxc4 3. e4 Nf6 4. e5 Nd5 5. Bxc4 Nb6 6. Bd3 Nc6 7. Ne2 Be6 8. Nbc3 Qd7 9. Ne4 Bd5 10. 0-0 e6 11. Bg5 h6 12. Bh4 Nb4 13. Bb1 Bxe4 14. Bxe4 N4d5 15. f3 Be7 16. Bxe7 Qxe7 17. Qb3 0-0-0 18. a4 a5 19. Rfc1 Kb8 20. f4 Qb4 21. Qxb4 Nxb4 22. Rc5 N6d5 23. Ra3 b6 24. Rc1 Rhf8 25. Rf3 f5 26. Bxd5 Rxd5 27. Rg3 Rf7 28. Rg6 Re7 29. Rc3 Kb7 30. h3 Nc6 31. Rc4 Red7 32. Kf2 Nxd4 33. Nc3 Rc5 34. Rxc5 bxc5 35. g4 Rf7 36. Ke3 Kc6 37. gxf5 Nxf5+ 38. Ke4 Kd7 39. Ne2 Ne7 40. Rg1 g5 41. Rc1 Nd5 42. Rxc5 Rxf4+ 1/2-1/2

[Event "Beirut op 11th"]
[Site "Beirut"]
[Date "2022.11.17"]
[Round "7"]
[White "Hesham, Abdelrahman"]
[Black "Nikolov, Momchil"]
[Result "1-0"]
[WhiteElo "2386"]
[BlackElo "2479"]
[PlyCount "85"]
[EventDate "2022.11.12"]
[EventType "swiss"]
[EventRounds "9"]
[EventCountry "LBN"]
[SourceTitle "EXT 2024"]
[Source "ChessBase"]
[SourceDate "2023.10.10"]
[SourceVersion "1"]
[SourceVersionDate "2023.10.10"]
[SourceQuality "1"]

1. d4 Nf6 2. c4 e6 3. Nc3 Bb4 4. f3 c5 5. d5 d6 6. e4 b5 7. Bd2 Bxc3 8. Bxc3 b4 9. Bd2 exd5 10. cxd5 Nh5 11. Be3 0-0 12. g4 Nf6 13. Ne2 Ba6 14. Ng3 Bxf1 15. Kxf1 Nbd7 16. h4 a5 17. Rc1 Rc8 18. Rc2 Ne8 19. g5 f6 20. Kg1 Rf7 21. f4 Nc7 22. g6 hxg6 23. h5 g5 24. Nf5 Nf8 25. Rg2 Nh7 26. Qg4 Nb5 27. e5 dxe5 28. fxe5 Qxd5 29. h6 g6 30. Ne7+ Rxe7 31. Qxc8+ Kf7 32. Rh3 Nd4 33. Qh8 Ke6 34. exf6 Nxf6 35. Bxg5 Nf3+ 36. Rxf3 Qxf3 37. Bxf6 Qe3+ 38. Rf2 Qe1+ 39. Kg2 Qe4+ 40. Kh2 Qe3 41. Bh4 g5 42. Qf6+ Kd7 43. Bxg5 1-0

[Event "Olympiad-44"]
[Site "Chennai"]
[Date "2022.08.06"]
[Round "8.3"]
[White "Santos Latasa, Jaime"]
[Black "Hesham, Abdelrahman"]
[Result "1-0"]
[WhiteElo "2675"]
[BlackElo "2386"]
[PlyCount "67"]
[EventDate "2022.07.29"]
[EventType "team-swiss"]
[EventRounds "11"]
[EventCountry "IND"]
[SourceTitle "CBM 210"]
[Source "ChessBase"]
[SourceDate "2022.10.31"]
[SourceVersion "1"]
[SourceVersionDate "2022.10.31"]
[SourceQuality "1"]
[WhiteTeam "Spain"]
[BlackTeam "Egypt"]
[WhiteTeamCountry "ESP"]
[BlackTeamCountry "EGY"]

1. d4 Nf6 2. c4 g6 3. Nc3 Bg7 4. e4 0-0 5. Be3 c6 6. e5 Ne8 7. f4 d6 8. Nf3 c5 9. dxc5 Nc6 10. Be2 Bg4 11. exd6 exd6 12. Qd2 Ne7 13. 0-0-0 Nf5 14. Bf2 Qa5 15. cxd6 Nexd6 16. Ne5 Bxe2 17. Qxe2 Rfe8 18. c5 Qb4 19. g3 Rxe5 20. fxe5 Nc4 21. Nd5 Qa4 22. Nc3 Qb4 23. Rhe1 Nxe5 24. Qb5 a5 25. a3 Qxb5 26. Nxb5 Nf3 27. Re2 Nxh2 28. Nd6 Ng4 29. Nxf5 gxf5 30. Rd5 Rc8 31. Rxf5 b6 32. Bg1 bxc5 33. Rxc5 Ra8 34. Rec2 1-0

[Event "Olympiad-44"]
[Site "Chennai"]
[Date "2022.08.05"]
[Round "7.3"]
[White "Hesham, Abdelrahman"]
[Black "O'Gorman, Tom"]
[Result "1/2-1/2"]
[WhiteElo "2386"]
[BlackElo "2401"]
[PlyCount "95"]
[EventDate "2022.07.29"]
[EventType "team-swiss"]
[EventRounds "11"]
[EventCountry "IND"]
[SourceTitle "CBM 210"]
[Source "ChessBase"]
[SourceDate "2022.10.31"]
[SourceVersion "1"]
[SourceVersionDate "2022.10.31"]
[SourceQuality "1"]
[WhiteTeam "Egypt"]
[BlackTeam "Ireland"]
[WhiteTeamCountry "EGY"]
[BlackTeamCountry "IRL"]

1. d4 Nf6 2. c4 e6 3. Nc3 d5 4. cxd5 exd5 5. Bg5 Be7 6. e3 0-0 7. Bd3 c6 8. Nge2 Nbd7 9. Qc2 Re8 10. h3 Nf8 11. 0-0-0 Ne4 12. Bxe7 Qxe7 13. Bxe4 dxe4 14. g4 Be6 15. Qxe4 b5 16. d5 cxd5 17. Nxd5 Qc5+ 18. Kb1 Rad8 19. Nec3 a5 20. a3 Bxd5 21. Rxd5 Qc6 22. Qd3 b4 23. axb4 axb4 24. Rxd8 Qxh1+ 25. Nd1 Rxd8 26. Qxd8 Qxh3 27. Qd4 h5 28. gxh5 Qxh5 29. Kc2 Qb5 30. b3 Ne6 31. Qd3 Qc6+ 32. Kd2 g6 33. Nb2 Qf3 34. Ke1 Qh1+ 35. Ke2 Qh5+ 36. Kd2 Qf3 37. Nd1 Qc6 38. Ke2 Qc5 39. Qe4 Kf8 40. Qa8+ Ke7 41. Qe4 Qb5+ 42. Qd3 Qc5 43. f4 Qc1 44. Qe4 Qc5 45. Nf2 Qc3 46. Nd3 Qc2+ 47. Kf3 Qxb3 48. Qxb4+ 1/2-1/2

[Event "Olympiad-44"]
[Site "Chennai"]
[Date "2022.08.01"]
[Round "4.3"]
[White "Hesham, Abdelrahman"]
[Black "Phiri, Richmond"]
[Result "0-1"]
[WhiteElo "2386"]
[BlackElo "2293"]
[PlyCount "68"]
[EventDate "2022.07.29"]
[EventType "team-swiss"]
[EventRounds "11"]
[EventCountry "IND"]
[SourceTitle "CBM 210"]
[Source "ChessBase"]
[SourceDate "2022.10.31"]
[SourceVersion "1"]
[SourceVersionDate "2022.10.31"]
[SourceQuality "1"]
[WhiteTeam "Egypt"]
[BlackTeam "Zambia"]
[WhiteTeamCountry "EGY"]
[BlackTeamCountry "ZAM"]

1. d4 Nf6 2. c4 g6 3. Nc3 d5 4. cxd5 Nxd5 5. e4 Nxc3 6. bxc3 Bg7 7. Bc4 c5 8. Ne2 0-0 9. 0-0 Nc6 10. Be3 Na5 11. Bd3 b6 12. Qd2 e5 13. Bg5 f6 14. Be3 Qe7 15. dxc5 bxc5 16. Qb2 c4 17. Bc2 Bg4 18. Qb5 Bxe2 19. Rfe1 Bd3 20. Bxd3 cxd3 21. Qxa5 Rfd8 22. Rab1 f5 23. Rb5 Rd7 24. f3 fxe4 25. fxe4 d2 26. Rd1 Qh4 27. Bf2 Qxe4 28. Qa3 Qe2 29. Rbb1 Rf7 30. Qc5 Bh6 31. Kh1 Qxf2 32. Qc4 Raf8 33. Rf1 Qc5 34. Qe6 Kg7 0-1

[Event "Olympiad-44"]
[Site "Chennai"]
[Date "2022.07.29"]
[Round "1.3"]
[White "Hesham, Abdelrahman"]
[Black "Alzamil, Abdulaziz"]
[Result "1-0"]
[WhiteElo "2386"]
[BlackElo "1871"]
[PlyCount "67"]
[EventDate "2022.07.29"]
[EventType "team-swiss"]
[EventRounds "11"]
[EventCountry "IND"]
[SourceTitle "CBM 210"]
[Source "ChessBase"]
[SourceDate "2022.10.31"]
[SourceVersion "1"]
[SourceVersionDate "2022.10.31"]
[SourceQuality "1"]
[WhiteTeam "Egypt"]
[BlackTeam "Saudi Arabia"]
[WhiteTeamCountry "EGY"]
[BlackTeamCountry "SAU"]

1. e4 d6 2. d4 Nf6 3. Nc3 Nbd7 4. Nf3 e5 5. Rg1 c6 6. g4 exd4 7. Nxd4 Nc5 8. f3 g6 9. Be3 h6 10. Qd2 Qc7 11. 0-0-0 Bd7 12. h4 0-0-0 13. b4 Ne6 14. Nxe6 Bxe6 15. Bd4 Bg7 16. g5 hxg5 17. hxg5 Ne8 18. Bxg7 Nxg7 19. Qd4 Nh5 20. Qxa7 Nf4 21. Na4 Kd7 22. Qe3 d5 23. exd5 cxd5 24. Rd4 Nh3 25. Nc5+ Ke7 26. Bxh3 Rxh3 27. Re1 Rh2 28. Rf4 b6 29. Rxf7+ Kxf7 30. Qxe6+ Kg7 31. Qf6+ Kg8 32. Re7 Rh1+ 33. Kb2 Rd6 34. Qg7# 1-0

[Event "Titled Tuesday intern op 14th Jun Early"]
[Site "Chess.com INT"]
[Date "2022.06.14"]
[Round "8"]
[White "Hesham, Abdelrahman"]
[Black "Matinian, Nikita"]
[Result "1-0"]
[WhiteElo "2385"]
[BlackElo "2435"]
[PlyCount "91"]
[EventDate "2022.06.14"]
[EventType "swiss (blitz)"]
[EventRounds "11"]
[EventCountry "USA"]
[SourceTitle "EXT 2023"]
[Source "ChessBase"]
[SourceDate "2022.10.05"]
[SourceVersion "1"]
[SourceVersionDate "2022.10.05"]
[SourceQuality "1"]

1. e4 c5 2. Nf3 d6 3. d4 cxd4 4. Nxd4 Nf6 5. Nc3 g6 6. Bc4 Bg7 7. Bb3 0-0 8. f3 Nc6 9. Be3 a5 10. Qd2 Nxd4 11. Bxd4 Bd7 12. a4 Rc8 13. g4 e5 14. Be3 Be6 15. Rd1 Bxb3 16. cxb3 Rc6 17. h4 h5 18. g5 Ne8 19. 0-0 f6 20. Nd5 Rf7 21. Rf2 f5 22. Rff1 Qc8 23. Rc1 fxe4 24. fxe4 Rxf1+ 25. Rxf1 Qg4+ 26. Qg2 Rc2 27. Qxg4 hxg4 28. Rf2 Rxf2 29. Kxf2 Kf7 30. Bb6 Bf8 31. Bxa5 Ng7 32. Bd2 Ne6 33. Be3 Be7 34. Kg3 Bd8 35. Kxg4 Ng7 36. b4 Ke6 37. a5 Nh5 38. Bd2 Kd7 39. b5 Ng7 40. a6 bxa6 41. bxa6 Kc6 42. Be3 Ne6 43. b4 Nd4 44. Bxd4 exd4 45. b5+ Kxb5 46. a7 1-0